000 00259 a2200121 4500
001 125349
020 _a9780439059213
040 _cEscola Canadense de Niteroi
100 _aFleming, Maria
245 1 0 _aMini-Book of the Week
362 0 _a2005
942 _cBK
999 _c125349
_d125349